El proceso de privatización en la Argentina (Record no. 20734)

MARC details
000 -LEADER
campo de control de longitud fija 01143nmc a2200349 a 4500
003 - IDENTIFICADOR DE NÚMERO DE CONTROL
campo de control AR-BaBNM
005 - FECHA Y HORA DE LA ÚLTIMA TRANSACCIÓN
campo de control 20251128211706.0
008 - DATOS DE LONGITUD FIJA--INFORMACIÓN GENERAL
campo de control de longitud fija 105020s2002 ||||||||||||||000 | spa||
020 ## - NÚMERO INTERNACIONAL ESTÁNDAR DEL LIBRO
Número Internacional Estándar del Libro 987-503-308-1
040 ## - FUENTE DE CATALOGACIÓN
Centro/agencia transcriptor AR-BaBNM
100 1# - ENTRADA PRINCIPAL--NOMBRE DE PERSONA
Nombre de persona Azpiazu, Daniel
245 10 - MENCIÓN DEL TÍTULO
Título El proceso de privatización en la Argentina
Resto del título la renegociación con las empresas privatizadas, revisión contractual y supresión de privilegios y de rentas extraordinarias
260 ## - PUBLICACIÓN, DISTRIBUCIÓN, ETC.
Lugar de publicación, distribución, etc. Buenos Aires
Nombre del editor, distribuidor, etc. Página 12
-- Universidad Nacional de Quilmes
Fecha de publicación, distribución, etc. 2002
300 0# - DESCRIPCIÓN FÍSICA
Extensión 96 p.
490 #0 - MENCIÓN DE SERIE
Mención de serie Colección papeles de investigación
650 #4 - PUNTO DE ACCESO ADICIONAL DE MATERIA--TÉRMINO DE MATERIA
Término de materia o nombre geográfico como elemento de entrada REFORMA DEL ESTADO
650 #4 - PUNTO DE ACCESO ADICIONAL DE MATERIA--TÉRMINO DE MATERIA
Término de materia o nombre geográfico como elemento de entrada INVERSIONES EXTRANJERAS
650 #4 - PUNTO DE ACCESO ADICIONAL DE MATERIA--TÉRMINO DE MATERIA
Término de materia o nombre geográfico como elemento de entrada POLITICA ECONOMICA
653 ## - TÉRMINO DE INDIZACIÓN--NO CONTROLADO
Término no controlado PRIVATIZACIONES
653 ## - TÉRMINO DE INDIZACIÓN--NO CONTROLADO
Término no controlado REGULACIONES COMERCIALES
653 ## - TÉRMINO DE INDIZACIÓN--NO CONTROLADO
Término no controlado GOLPE DE ESTADO 1976
700 1# - ENTRADA AGREGADA--NOMBRE PERSONAL
Nombre de persona Basualdo, Eduardo
700 1# - ENTRADA AGREGADA--NOMBRE PERSONAL
Nombre de persona Abeles, Martín
700 1# - ENTRADA AGREGADA--NOMBRE PERSONAL
Nombre de persona Arza, Camila
700 1# - ENTRADA AGREGADA--NOMBRE PERSONAL
Nombre de persona Forcinito, Karina
700 1# - ENTRADA AGREGADA--NOMBRE PERSONAL
Nombre de persona Pesce, Julieta
700 1# - ENTRADA AGREGADA--NOMBRE PERSONAL
Nombre de persona Schorr, Martín
710 2# - ENTRADA AGREGADA--NOMBRE DE ENTIDAD CORPORATIVA
Nombre de entidad corporativa o nombre de jurisdicción como elemento de entrada Facultad Latinoamericana de Ciencias Sociales
9 (RLIN) FLACSO
800 1# - PUNTO DE ACCESO ADICIONAL DE SERIE--NOMBRE DE PERSONA
Nombre de persona Greco, Mario
942 ## - ELEMENTOS DE ENTRADA SECUNDARIOS (KOHA)
Tipo de ítem Koha Libros
998 ## - INFORMACIÓN DE CONTROL LOCAL (RLIN)
Iniciales del catalogador, CIN (RLIN) mariana
Holdings
Estatus retirado Estado de pérdida Fuente de la clasificación o esquema de estantería Estado de daño Restricciones de uso No para préstamo Biblioteca de origen Biblioteca actual Fecha de adquisición Total de préstamos Signatura topográfica completa Código de barras Visto por última vez Precio de reemplazo Tipo de ítem Koha
    Clasificación Decimal Dewey   Acceso restringido No para préstamo Liberty Liberty 28/11/2025   330[82] AZPI 138830 28/11/2025 28/11/2025 Libros